=LDR 00000nam 2200000 4500 =001 INLIS000000000026641 =005 20130612125053 =008 ***********************************ind** =035 ##$$0010-061300000026641 =041 ##$$a ind =082 ##$$a 2x4.11 =090 ##$$a 2x4.11, DAR s =100 ##$$a Ad-Daruquthni, Umar =245 ##$$a Sunan Ad-Daruquthni, Umar Ad-Daruquthni; penerjemah, Amir Hamzah Fachrudin; editor, Besus Hidayat Amin =260 ##$$a 2007 $b Jakarta =300 ##$$a xvi, 1078 hlm., ilus., 24 cm =650 ##$$a Bersuci =700 ##$$a Fachrudin, Amir Hamzah =850 ##$$a NBPNMAT